Chanson d'Hazbin Hotel : La reprise d'Alastor - Statistiques

Statistiques générales
  • Ce quiz a été pris 81 fois
  • Le résultat moyen est 53 sur 91
Statistiques - réponses
Hnt Réponse % Correct
un
93%
un
93%
à
90%
de
90%
de
90%
de
90%
de
90%
Alastor : Tu
88%
tu
88%
ce
85%
ce
85%
Ho-
83%
ma
83%
ces
80%
cet
80%
chère
80%
demoiselle,
80%
es
80%
hôtel,
80%
se
80%
une
80%
une
80%
une
80%
as
78%
rêvé,
78%
et
73%
Créatures : Et
73%
Alastor Et
73%
moi
73%
sensationnelle,
73%
c'est
70%
c'est
70%
si
70%
tous
70%
Car
68%
j'y
68%
même
68%
vois
68%
alors
65%
criminels,
65%
dans
63%
dans
63%
donnons
63%
risible
63%
sourire !
63%
sourire !
63%
aubaine !
60%
chambre
60%
chaque
60%
démon
58%
cause
55%
Alastor : En
55%
perdue,
55%
peu
55%
trouve
55%
Ha
53%
ha !
53%
ha !
53%
Qu'on
53%
beau
50%
derrière
45%
Hazbin
45%
parti !
45%
peut
45%
pour
38%
Créatures : Pour
38%
sera
38%
soupçon
38%
ton
38%
camoufler
35%
d'Enfer !
35%
éblouir !
35%
éblouir !
35%
lieu
35%
notre
35%
panache
35%
rédemption !
35%
austère,
30%
Usons
30%
plan
28%
quel
28%
fond,
25%
passé
25%
sans
25%
temps,
25%
Après
23%
cette
23%
d'un
20%
fosse
18%
Alastor : Ornons
18%
Créatures : Bouh !
10%
Aucun quiz correspondant
Distribution des résultats
% des personnes avec chaque résultat
Percentile par nombre de réponses
Votre historique - résultats
Vous n’avez pas pris ce quiz